MARC details
| 000 -LEADER |
| fixed length control field |
03168nam a2200325 i 4500 |
| 003 - CONTROL NUMBER IDENTIFIER |
| control field |
CSPC |
| 005 - DATE AND TIME OF LATEST TRANSACTION |
| control field |
20250905131506.0 |
| 008 - FIXED-LENGTH DATA ELEMENTS--GENERAL INFORMATION |
| fixed length control field |
250904s2024 ph a b 00| 0 eng d |
| 040 ## - CATALOGING SOURCE |
| Original cataloging agency |
CSPC |
| Language of cataloging |
eng |
| Transcribing agency |
CSPC |
| Description conventions |
rda |
| 090 ## - LOCALLY ASSIGNED LC-TYPE CALL NUMBER (OCLC); LOCAL CALL NUMBER (RLIN) |
| Classification number (OCLC) (R) ; Classification number, CALL (RLIN) (NR) |
UTH BSOA Ar698g 2024 |
| 100 1# - MAIN ENTRY--PERSONAL NAME |
| Personal name |
Arroyo, John Michael N., |
| Relator term |
author. |
| 245 10 - TITLE STATEMENT |
| Title |
Guarding the digital self : |
| Remainder of title |
exploring the awareness and attitudes towards disclosing private information online / |
| Statement of responsibility, etc. |
John Michael N. Arroyo, Maria Patricia M. Arves, Harrel Jane L. Balang, Rovic Z. Caayao, and Carmikaela D. Calmada. |
| 260 ## - PUBLICATION, DISTRIBUTION, ETC. |
| Place of publication, distribution, etc. |
Buhi, Camarines Sur : |
| Name of publisher, distributor, etc. |
Camarines Sur Polytechnic Colleges, |
| Date of publication, distribution, etc. |
2024. |
| 300 ## - PHYSICAL DESCRIPTION |
| Extent |
95 leaves and various pages. |
| 336 ## - CONTENT TYPE |
| Source |
rdacontent |
| Content type term |
text |
| 337 ## - MEDIA TYPE |
| Source |
rdamedia |
| Media type term |
unmediated |
| 338 ## - CARRIER TYPE |
| Source |
rdacarrier |
| Carrier type term |
volume |
| 502 ## - DISSERTATION NOTE |
| Dissertation note |
Undergraduate Thesis (BSOA)- Office Administration |
| Name of granting institution |
Camarines Sur Polytechnic Colleges, 2024. |
| 520 ## - SUMMARY, ETC. |
| Summary, etc. |
This study aimed to investigate the awareness and attitudes of college students on disclosing private information on the internet at Camarines Sur Polytechnic Colleges- Buhi Campus and unveil essential aspects related to their demographic profiles, commonly used online platforms, and knowledge on online privacy. The study was framed based on available literature on digital privacy and security, which dictated the structure of the study and the SOP for ethical data collection. The study used a descriptive research design where survey questionnaire administered through Google forms to a total of 395 first to fourt year respondents. Result demonstrated that most of the sample were aged between 18 and 25 years, largely females, and many participants mostly connected to the internet using a smartphone. In terms of platform use for academic purposes, Google Workspace was the leading platform: TikTok and Shopee came out on top for social media and e-commerce activities, respectively. The research findings revealed a general awareness of online privacy within the participant group; however, several key practical elements were lacking-most salient, the infrequent use of VPNs on public Wi-Fi. Given this study's synthesis point, this study indicates a clear and urgent need to develop comprehensive online privacy education within the student curriculum, combined with effective awareness campanigns and collaborative efforts across disciplines to increase digital literacy levels on campus while promoting responsible online behaviors. This integrated approach is critical in preparing students to content with the detailed of a rapidly changing digital environtment ultimately bridging the information gap between their online privacy practices. |
| 700 1# - ADDED ENTRY--PERSONAL NAME |
| Personal name |
Arves, Maria Patricia M., |
| Relator term |
author. |
| 700 1# - ADDED ENTRY--PERSONAL NAME |
| Personal name |
Balang, Harrel Jane L., |
| Relator term |
author. |
| 700 1# - ADDED ENTRY--PERSONAL NAME |
| Personal name |
Caayao, Rovic Z., |
| Relator term |
author. |
| 700 1# - ADDED ENTRY--PERSONAL NAME |
| Personal name |
Calmada, Carmikaela D., |
| Relator term |
author. |
| 720 1# - ADDED ENTRY--UNCONTROLLED NAME |
| Name |
Luzon, April Z., |
| Relator term |
adviser. |
| 720 1# - ADDED ENTRY--UNCONTROLLED NAME |
| Name |
Oliveros, Josefin N., |
| Relator term |
panelist, chair. |
| 720 1# - ADDED ENTRY--UNCONTROLLED NAME |
| Name |
Luzon, NiƱo Jeffrey L., |
| Relator term |
panelist. |
| 720 1# - ADDED ENTRY--UNCONTROLLED NAME |
| Name |
Maninang, Jeorgette N., |
| Relator term |
panelist. |
| 942 ## - ADDED ENTRY ELEMENTS (KOHA) |
| Source of classification or shelving scheme |
Dewey Decimal Classification |
| Suppress in OPAC |
No |
| Koha item type |
Unpublished Materials |
| Classification part |
Ar698g |
| Call number prefix |
UTH |
| Call number suffix |
2024 |